Normal view
MARC view
- Moin,Mishaal Mariam, Ahmed,Muhammad, Zainab,Aliha, Sohail,Zainab, Munawwer,Uroosa, & Farooq,Fatima
Entry Personal Name
001 - CONTROL NUMBER
- control field: 4990
003 - CONTROL NUMBER IDENTIFIER
- control field: NUST
005 - DATE AND TIME OF LATEST TRANSACTION
- control field: 20170926113101.0
008 - FIXED-LENGTH DATA ELEMENTS
- fixed length control field: 170926|| aca||aabn | a|a d
040 ## - CATALOGING SOURCE
- Original cataloging agency: NUST
- Transcribing agency: NUST
100 ## - HEADING--PERSONAL NAME
- Personal name: Moin,Mishaal Mariam, Ahmed,Muhammad, Zainab,Aliha, Sohail,Zainab, Munawwer,Uroosa, & Farooq,Fatima
670 ## - SOURCE DATA FOUND
- Source citation: Work cat.: (NUST): Moin,Mishaal Mariam, Ahmed,Muhammad, Zainab,Aliha, Sohail,Zainab, Munawwer,Uroosa, & Farooq,Fatima, Role of women, youth & leadership, in the success and failure of social movements: an analysis of the P.T.I dharna , 2015
